[Event "Wch U20"]
[Site "Buenos Aires"]
[Date "1992.??.??"]
[Round "?"]
[White "Escobedo Tinajero, Alberto"]
[Black "Milov, Vadim"]
[Result "0-1"]
[WhiteElo "2265"]
[BlackElo "2500"]

1.d4 d5 2.c4 c6 3.Nf3 Nf6 4.Nc3 e6 5.e3 Nbd7 6.Qc2 Bd6 7.Be2 O-O 8.O-O e5
9.cxd5 cxd5 10.dxe5 Nxe5 11.Rd1 Nxf3+ 12.Bxf3 Qc7 13.h3 Bh2+ 14.Kh1 Be5 15.Bd2 Be6
16.Rac1 Rac8 17.Qd3 Qd7 18.Kg1 Rfd8 19.Be1 a6 20.b3 Bb8 21.Nxd5 Nxd5 22.Rxc8 Qxc8
23.e4 Qc7 24.g3 Bxh3 25.exd5 Qb6 26.Qd4 Qxd4 27.Rxd4 Bd6 28.Ba5 Rc8 29.Rc4 Kf8
30.g4 Rxc4 31.bxc4 Bc5 32.Bc7 Ke7 33.d6+ Bxd6 34.Bb6 Kd7 35.Bxb7 Bxg4 36.c5 Bc7
37.c6+ Kd6 38.Be3 Kd5 39.a4 a5 40.Bd2 Kc5 41.Bc3 f6 42.Ba6 Bf3 43.Bd3 Bxc6
44.Bxh7 Bxa4 45.Kg2 Bb3 46.Kf3 a4 47.Bb2 Kb4 48.Kg4 Be5 49.Bc1 a3 50.Bxa3+ Kxa3
51.Bd3 Kb4 52.f4 Bc3 53.f5 Kc5 54.Ba6 Kd4 55.Bc8 Ke5 56.Kh5 Bf7+ 57.Kg4 Bd2
58.Ba6 Bb3 59.Kh5 Kxf5 60.Bd3+ Ke5 61.Kg6 Bh6  0-1

[Event "Buenos Aires Najdorf qual"]
[Site "Buenos Aires"]
[Date "1992.??.??"]
[Round "3"]
[White "Soppe, Guillermo"]
[Black "Cativelli, Gerardo"]
[Result "1-0"]
[WhiteElo "2440"]
[BlackElo "2225"]

1.d4 d5 2.c4 c6 3.Nc3 Nf6 4.e3 e6 5.Nf3 Nbd7 6.Qc2 a6 7.b3 Bd6 8.Be2 O-O
9.O-O dxc4 10.bxc4 e5 11.Rd1 exd4 12.exd4 h6 13.c5 Be7 14.Bc4 b6 15.Bb3 a5
16.a3 Nh7 17.Bf4 Ng5 18.Bxg5 Bxg5 19.Ne4 Nf6 20.Nexg5 hxg5 21.Nxg5 Bg4 22.f3 Bh5
23.g4 Qe7 24.Re1 Qd7 25.Rad1 Rae8 26.gxh5 Rxe1+ 27.Rxe1 Qxd4+ 28.Kh1 Qh4
29.Rg1 Qxh5 30.Qf5 Nh7 31.Qxh7+ Qxh7 32.Nxh7 Kxh7 33.Rd1 Re8 34.Bc2+ g6 35.Be4 Re5
36.Rd6 Rxc5 37.Rxc6  1-0

[Event "Grand Prix II"]
[Site "Buenos Aires"]
[Date "1992.??.??"]
[Round "6"]
[White "Llanos, Guillermo"]
[Black "Biancosino, Rafael"]
[Result "1-0"]
[WhiteElo "2355"]
[BlackElo "2205"]

1.d4 d5 2.c4 c6 3.Nf3 Nf6 4.Nc3 e6 5.e3 Nbd7 6.Qc2 Bd6 7.Be2 O-O 8.O-O dxc4
9.Bxc4 Qe7 10.h3 a6 11.Rd1 b5 12.Be2 Bb7 13.e4 e5 14.dxe5 Nxe5 15.Nd4 Bc7
16.f4 Nc4 17.b3 b4 18.bxc4 bxc3 19.e5 Nd7 20.Qxc3 Nxe5 21.fxe5 Bxe5 22.Qc2 Qf6
23.Be3 c5 24.Rf1 Qd8 25.Nf5 Bxa1 26.Rxa1 Re8 27.Qb2 Qf6 28.Qxf6 gxf6 29.Kf2 Re5
30.Ng3 Rd8 31.Rb1 Bxg2 32.Bf4 Bxh3 33.Bxe5 fxe5 34.Ne4 Rd4 35.Nxc5 Rd2 36.Rg1+ Kf8
37.a4 f5 38.Ke1 Ra2 39.Rg3 Ra1+ 40.Kf2 Bg4 41.Bxg4 fxg4 42.Rxg4 Ke7 43.Ke3 Ra3+
44.Kd2 a5 45.Kc2 Rf3 46.Rg7+ Kd6 47.Nb7+ Kc6 48.Nxa5+ Kc5 49.Nb3+ Kb4 50.Rb7+ Kxa4
51.Nc5+ Ka3 52.Nd3  1-0

[Event "Buenos Aires ITT"]
[Site "Buenos Aires"]
[Date "1992.??.??"]
[Round "10"]
[White "Giardelli, Sergio C"]
[Black "Lida Garcia, Fernando"]
[Result "0-1"]
[WhiteElo "2430"]
[BlackElo "2270"]

1.c4 Nf6 2.Nf3 c6 3.d4 d5 4.Nc3 e6 5.e3 Nbd7 6.Bd3 Bd6 7.O-O O-O 8.Qc2 dxc4
9.Bxc4 e5 10.Rd1 Qe7 11.h3 h6 12.e4 Re8 13.d5 cxd5 14.Bxd5 Nb6 15.Bb3 Be6
16.a4 Rac8 17.a5 Nc4 18.Qe2 Bb4 19.Nd5 Bxd5 20.exd5 Nxa5 21.d6 Qd7 22.Ba2 Nc6
23.Be3 Bxd6 24.Qd2 Rcd8 25.Bxh6 Qf5 26.Ng5 Rf8 27.Nxf7 Rxf7 28.Be3 Ne4 29.Qe2 Kf8
30.Qc4 Nd4 31.Bxd4 exd4 32.Qxf7+ Qxf7 33.Bxf7 Kxf7 34.Rxd4 Bh2+ 35.Kxh2 Rxd4
36.Rxa7 Rb4 37.Ra2 Nxf2  0-1

[Event "BUL-ch"]
[Site "BUL"]
[Date "1992.??.??"]
[Round "7"]
[White "Petkov, Vladimir"]
[Black "Semkov, Semko"]
[Result "0-1"]
[WhiteElo "2260"]
[BlackElo "2480"]

1.d4 d5 2.c4 e6 3.Nc3 c6 4.Nf3 Nf6 5.e3 Nbd7 6.Qc2 Bd6 7.Bd2 O-O 8.O-O-O b5
9.cxb5 Bb7 10.Kb1 Rb8 11.h4 Qe7 12.Ng5 Rfc8 13.f3 c5 14.Bd3 h6 15.Bh7+ Kh8
16.f4 a6 17.g4 cxd4 18.exd4 axb5 19.Bg6 fxg6 20.Qxg6 Kg8 21.Nxb5 Ba6 22.Nxd6 Qxd6
23.Qf7+ Kh8 24.Nxe6 Bd3+ 25.Ka1 Rg8 26.f5 Ra8 27.Bxh6 Rxa2+  0-1

[Event "BUL-ch"]
[Site "BUL"]
[Date "1992.??.??"]
[Round "10"]
[White "Semkov, Semko"]
[Black "Kolev, Atanas"]
[Result "1/2-1/2"]
[WhiteElo "2480"]
[BlackElo "2445"]

1.Nf3 d5 2.d4 c6 3.c4 e6 4.e3 Nf6 5.Nc3 Nbd7 6.Bd3 dxc4 7.Bxc4 b5 8.Bd3 b4
9.Ne4 Bb7 10.O-O Be7 11.Nxf6+ Nxf6 12.a3  1/2-1/2

[Event "BUL-ch"]
[Site "BUL"]
[Date "1992.??.??"]
[Round "12"]
[White "Genov, Petko"]
[Black "Semkov, Semko"]
[Result "0-1"]
[WhiteElo "2300"]
[BlackElo "2480"]

1.d4 Nf6 2.c4 e6 3.Nf3 d5 4.Nc3 c6 5.e3 Nbd7 6.Qc2 Be7 7.Be2 O-O 8.O-O b6
9.Rd1 Bb7 10.e4 dxe4 11.Nxe4 c5 12.Nxf6+ Bxf6 13.dxc5 bxc5 14.Be3 Qe7 15.Qa4 Nb6
16.Qb5 Rfc8 17.Rd2 Rab8 18.Qa5 Bxf3 19.gxf3 Bd4 20.Bxd4 cxd4 21.Rxd4 e5 22.Re4 Rc5
23.Qe1 f5 24.Re3 f4 25.Re4 Nd7 26.b4 Rc6 27.c5 Qh4 28.Bc4+ Kh8 29.Kf1 Qh3+
30.Ke2 Nxc5 31.bxc5 Rb2+ 32.Kd1 Qxf3+ 33.Kc1 Qa3 34.Kd1 Rxc5 35.Qh1 Rxc4  0-1

[Event "Calcutta"]
[Site "Calcutta"]
[Date "1992.??.??"]
[Round "5"]
[White "Vyzmanavin, Alexey"]
[Black "Prasad, Devaki V"]
[Result "1-0"]
[WhiteElo "2590"]
[BlackElo "2415"]

1.d4 d5 2.c4 c6 3.e3 Nf6 4.Nc3 e6 5.Nf3 Nbd7 6.Bd3 Bd6 7.O-O O-O 8.e4 dxe4
9.Nxe4 Nxe4 10.Bxe4 h6 11.Bc2 e5 12.Re1 exd4 13.Qxd4 Nf6 14.Qc3 Re8 15.Rxe8+ Nxe8
16.Be3 Bg4 17.Ne5 Be6 18.Re1 Qf6 19.f4 Bf5 20.Bd1 Qe7 21.a3 Nf6 22.Bf3 Be4
23.Bd4 c5 24.Bf2 Bxf3 25.Qxf3 Qc7 26.Bh4 Nh7 27.Qd5 Re8 28.Nxf7 Rxe1+ 29.Bxe1 Qxf7
30.Qxd6 Qxc4 31.Bc3 Qf7 32.Qb8+ Nf8 33.Qxa7 Qxf4 34.Qxb7 Qe3+ 35.Kf1 Ne6
36.Qd5 Qc1+ 37.Ke2 Qc2+ 38.Ke3 Qg6 39.Qa8+ Nf8 40.Qe4 Qg5+ 41.Kf2 Qh5 42.h3 Qf7+
43.Kg1 Qb3 44.a4 Ne6 45.a5 Qd1+ 46.Kh2 Qd6+ 47.Be5 Qa6 48.Qd5 Kf7 49.Qd7+ Kg6
50.Qd6  1-0

[Event "Calcutta"]
[Site "Calcutta"]
[Date "1992.??.??"]
[Round "8"]
[White "Umanskaya, Irina"]
[Black "Rahman, Ziaur"]
[Result "0-1"]
[WhiteElo "2295"]
[BlackElo "2360"]

1.d4 d5 2.c4 e6 3.Nc3 c6 4.e3 Nf6 5.Nf3 Nbd7 6.Qc2 Bd6 7.Be2 O-O 8.O-O dxc4
9.Bxc4 b5 10.Be2 Bb7 11.Rd1 Qc7 12.a3 Rfe8 13.b4 a5 14.Rb1 axb4 15.axb4 e5
16.g3 exd4 17.Nxd4 g6 18.Qb3 Bf8 19.Bb2 Ne5 20.Nf3 Bc8 21.Nxe5 Rxe5 22.Ra1 Rxa1
23.Bxa1 Ne8 24.e4 Re7 25.Bxb5 cxb5 26.Nd5 Qc6 27.Qc3 Qxc3 28.Nxe7+ Bxe7 29.Bxc3 Be6
30.Ra1 f6 31.Ra7 Kf8 32.f3 h5 33.Kf2 Bc4 34.f4 Nd6 35.Kf3 f5 36.exf5 Bd5+
37.Ke3 Nxf5+ 38.Kf2 h4 39.Ra5 Bc4 40.Ra8+ Kf7 41.Ra7 Nxg3 42.Ke3 Bd5 43.Be5 Bg2
44.Kf2 Bd5 45.Ke3 Nf5+ 46.Kf2 Be4 47.Bc3 Bd3 48.Be1 Ke6 49.Ra6+ Bd6 50.Bc3 Kd5
51.Be5 Bxb4 52.Rxg6 Bc5+ 53.Ke1 Ne3 54.Rg8 Ke4 55.Re8 Kf3 56.Kd2 Be4 57.Bf6 Bb4+
58.Kc1 Nc4 59.Bxh4 Ke3 60.Bf2+ Kd3  0-1

[Event "Calimanesti (Women)"]
[Site "Calimanesti"]
[Date "1992.??.??"]
[Round "?"]
[White "Koen, Maja"]
[Black "Cosma, Elena Luminita"]
[Result "1-0"]
[WhiteElo "2225"]
[BlackElo "2250"]

1.d4 d5 2.c4 e6 3.Nc3 c6 4.Nf3 Nf6 5.e3 Nbd7 6.Bd3 dxc4 7.Bxc4 b5 8.Bd3 Bb7
9.e4 b4 10.Na4 c5 11.e5 Nd5 12.O-O cxd4 13.Nxd4 Nxe5 14.Bb5+ Nd7 15.Re1 Rc8
16.Qh5 g6 17.Qe5 Qf6 18.Nf3 Bg7 19.Qe2 Qd8 20.Bg5 Qc7 21.Rac1 Qd6 22.Bxd7+ Qxd7
23.Nc5 Rxc5 24.Rxc5 O-O 25.Qd2 Qd6 26.Rc4 Qa6 27.Rc2 Qxa2 28.Bh6 Qa4 29.Bxg7 Kxg7
30.Qd4+ Kg8 31.Rcc1 a5 32.Ne5 Ra8 33.Qh4 Qe8 34.Rc5 Qf8 35.Rb5 Bc8 36.Ng4 h5
37.Rxd5 exd5 38.Nf6+ Kg7 39.Re8 Qd6 40.Rg8+ Kh6 41.Rh8+ Kg7 42.Ne8+ Kxh8
43.Nxd6 Be6 44.Qd4+ Kh7 45.f4 b3 46.f5 gxf5 47.Nxf5  1-0

[Event "Canada zt"]
[Site "Canada"]
[Date "1992.??.??"]
[Round "5"]
[White "Gentes, Kevin"]
[Black "O'Donnell, Tom"]
[Result "1/2-1/2"]
[WhiteElo "2285"]
[BlackElo "2395"]

1.d4 d5 2.c4 e6 3.Nf3 Nf6 4.Nc3 c6 5.e3 Nbd7 6.Bd3 dxc4 7.Bxc4 b5 8.Bd3 Bb7
9.O-O b4 10.Nb1 Be7 11.Nbd2 c5 12.Qe2 O-O 13.e4 cxd4 14.e5 Nd5 15.Qe4 g6
16.Nb3 Qb6 17.Qg4 Rfd8 18.Re1 Bf8 19.Qh4 Bg7 20.Bg5 Re8 21.Rad1 Ba6 22.Bb1 d3
23.Nc1 Nc5 24.Bh6 Bh8 25.Ng5 Nd7 26.Nf3 Ne7 27.Bxd3 Bxd3 28.Rxd3 Nf5 29.Qf4 Nc5
30.Rd2 Nxh6 31.Qxh6 Bg7 32.Qh4 Rad8 33.Red1 Rxd2 34.Rxd2 Qb8 35.Qd4 Rc8 36.h3 a5
37.Nb3 Nxb3 38.axb3 h6 39.Qe4 Qb5 40.Kh2 Rc5 41.Rd8+ Kh7 42.Qf4 Rc7 43.h4 Rd7
44.Rxd7 Qxd7 45.Qc4 Qd1 46.Kg3 Qb1 47.Qe2 Qc1 48.Ne1 Qc5  1/2-1/2

[Event "Cannes op"]
[Site "Cannes"]
[Date "1992.??.??"]
[Round "?"]
[White "Anic, Darko"]
[Black "Majorovas, Vitalijus"]
[Result "0-1"]
[WhiteElo "2405"]
[BlackElo "2450"]

1.Nf3 d5 2.d4 Nf6 3.c4 e6 4.Nc3 c6 5.e3 Nbd7 6.Bd3 dxc4 7.Bxc4 b5 8.Bd3 b4
9.Ne4 Be7 10.O-O O-O 11.Ned2 c5 12.Nc4 Bb7 13.Qe2 Rc8 14.a3 cxd4 15.axb4 Bxf3
16.gxf3 dxe3 17.fxe3 Bxb4 18.Rxa7 Nd5 19.Kh1 Bc5 20.Ra1 Qh4 21.Bd2 Bb4 22.Rg1 Qf6
23.e4 Bxd2 24.exd5 Bb4 25.d6 Rfd8 26.Rad1 Nf8 27.Rg4 h5 28.Rg2 g6 29.Rgg1 Qf4
30.d7 Rc5 31.Be4 Kg7 32.Nd6 Rxd7 33.Ne8+ Kh6 34.Rxd7 Nxd7 35.Qd3 Rc1 36.Qxd7 Bc5
37.Rd1 Rc2 38.Qc7 Rxh2+  0-1

[Event "Cannes op"]
[Site "Cannes"]
[Date "1992.??.??"]
[Round "?"]
[White "Chabanon, Jean Luc"]
[Black "Boudre, Jean Pierre"]
[Result "1-0"]
[WhiteElo "2410"]
[BlackElo "2380"]

1.d4 d5 2.c4 c6 3.Nf3 Nf6 4.Nc3 e6 5.e3 Nbd7 6.Bd3 dxc4 7.Bxc4 b5 8.Bd3 Bb7
9.O-O a6 10.e4 c5 11.e5 Nd5 12.a4 c4 13.Bc2 b4 14.Nxd5 Bxd5 15.Ng5 Be7 16.Qh5 g6
17.Qh6 Bf8 18.Qh3 a5 19.Ne4 Qb6 20.Bg5 h6 21.Nf6+ Nxf6 22.Bxf6 Rg8 23.b3 Rc8
24.bxc4 Bxc4 25.Rfc1 Rb8 26.Be4 Qa6 27.Qf3 Kd7 28.d5 Bc5 29.dxe6+ fxe6 30.Qd1+ Ke8
31.Qg4 Be2 32.Bxg6+ Kf8 33.Qe4 Rc8 34.Rxc5 Rxc5 35.Qe3 Rxg6 36.Qxc5+ Kg8
37.Rc1 Qb7 38.g3 Rg4 39.Qxa5 b3 40.Qd8+ Kh7 41.Rc7+  1-0

[Event "Cannes Martinez op"]
[Site "Cannes"]
[Date "1992.??.??"]
[Round "?"]
[White "Pogorelov, Ruslan"]
[Black "Godena, Michele"]
[Result "1/2-1/2"]
[WhiteElo "2395"]
[BlackElo "2435"]

1.Nf3 d5 2.d4 c6 3.c4 e6 4.e3 Nf6 5.Nc3 a6 6.Qc2 c5 7.a3 dxc4 8.Bxc4 b5 9.Ba2 Nbd7
10.O-O Bb7 11.Qe2 Rc8 12.Rd1 Bd6 13.d5 e5 14.e4 c4 15.Nh4 g6 16.g3 h6 17.f4 Kf8
18.f5 g5 19.Ng2 Bc5+ 20.Be3 Qb6 21.Rac1 a5 22.Kh1 Bxe3 23.Nxe3 Nc5 24.a4 Ncxe4
25.Nxb5 Kg7 26.Bxc4 Rhd8 27.Kg2 Nd6 28.Nxd6 Rxd6 29.b3 Rc5 30.Kf1 Qd8 31.Qb2 Nxd5
32.Nxd5 Bxd5 33.Qxe5+ f6 34.Qe2 Bxc4 35.bxc4 Rxf5+ 36.Kg1 Re5 37.Rxd6 Qxd6
38.Qf2 Qa3 39.Rc2 Qxa4 40.c5 Qc6 41.Qg2 Qb5 42.Qf2 Qc6 43.Qg2 Qb5 44.Qf2 Re6
45.Qd2 Qe8 46.Qd5 Re5 47.Qf3 Re3 48.Qb7+ Re7 49.Qf3 Re3 50.Qb7+ Kg6 51.Qd5 Re1+
52.Kg2 Re2+ 53.Rxe2 Qxe2+ 54.Kg1 Qe1+ 55.Kg2 Qe2+ 56.Kg1 a4 57.c6 Qe1+ 58.Kg2 Qe2+
59.Kg1 Qe1+ 60.Kg2 Qe2+  1/2-1/2

[Event "Cannes Martinez op"]
[Site "Cannes"]
[Date "1992.??.??"]
[Round "?"]
[White "Wauters, Alain"]
[Black "Boudre, Jean Pierre"]
[Result "1-0"]
[WhiteElo "2210"]
[BlackElo "2380"]

1.d4 d5 2.c4 c6 3.Nf3 Nf6 4.Nc3 e6 5.e3 Nbd7 6.Qc2 Bd6 7.Be2 O-O 8.O-O Re8
9.Rd1 Qe7 10.e4 dxe4 11.Nxe4 Nxe4 12.Qxe4 e5 13.Bg5 f6 14.Be3 Qf8 15.dxe5 Nxe5
16.Nxe5 Bxe5 17.Qc2 g6 18.c5 Be6 19.Bc4 Qf7 20.Bxe6 Qxe6 21.a3 Rad8 22.Rd2 Rxd2
23.Qxd2 Qd5 24.Rd1 Qxd2 25.Rxd2 Kf7 26.Kf1 Ke6 27.h3 Bc7 28.Ke2 Rd8 29.Rxd8 Bxd8
30.Kd3 Kd5 31.b4 f5 32.Bd4 Bg5 33.Bb2 h5 34.f3 Bf4 35.g4 fxg4 36.fxg4 hxg4
37.hxg4 Bg5 38.Bc3 Bc1 39.a4 a5 40.b5 cxb5  1-0

[Event "Cappelle op"]
[Site "Cappelle la Grande"]
[Date "1992.??.??"]
[Round "4"]
[White "Wells, Peter K"]
[Black "Collas, Didier"]
[Result "1-0"]
[WhiteElo "2470"]
[BlackElo "2280"]

1.d4 d5 2.Nf3 c6 3.c4 Nf6 4.Nc3 e6 5.e3 Nbd7 6.Bd3 dxc4 7.Bxc4 b5 8.Bd3 Bb7
9.O-O Rc8 10.a3 a5 11.Qe2 b4 12.axb4 axb4 13.Ne4 Nxe4 14.Bxe4 Qb6 15.Nd2 c5
16.Nc4 Qc7 17.Ra7 cxd4 18.Rxb7 Qxc4 19.Qxc4 Rxc4 20.Bd3 Rc8 21.Bb5 Rd8 22.Rd1 Bc5
23.exd4 Bd6 24.d5 e5 25.Be3  1-0

[Event "Cappelle op"]
[Site "Cappelle la Grande"]
[Date "1992.??.??"]
[Round "7"]
[White "Yrjola, Jouni"]
[Black "Beikert, Guenther"]
[Result "1-0"]
[WhiteElo "2485"]
[BlackElo "2350"]

1.d4 d5 2.c4 c6 3.Nc3 Nf6 4.e3 e6 5.Nf3 Nbd7 6.Bd3 a6 7.e4 dxc4 8.Bxc4 c5
9.e5 Ng4 10.Bg5 Qa5 11.d5 Nb6 12.dxe6 Bxe6 13.Bxe6 fxe6 14.O-O c4 15.Qd4 Nh6
16.Bxh6 gxh6 17.Rad1 Rg8 18.Ne4 Kf7 19.Nf6 Rg6 20.Qe4 Rb8 21.Nh4 Be7 22.Nxg6 hxg6
23.Qf4 Kg7 24.Nd7  1-0

[Event "Cebu"]
[Site "Cebu"]
[Date "1992.??.??"]
[Round "6"]
[White "Ye Rongguang"]
[Black "Nadera, Barlo A"]
[Result "1/2-1/2"]
[WhiteElo "2515"]
[BlackElo "2390"]

1.c4 e6 2.Nc3 d5 3.d4 Nf6 4.Nf3 c6 5.e3 Nbd7 6.Qc2 Bd6 7.Be2 O-O 8.b3 b6
9.O-O Bb7 10.Rd1 Qc7 11.e4 dxe4 12.Nxe4 Nxe4 13.Qxe4 c5 14.Qh4 Rfe8 15.Ng5 Nf6
16.dxc5 Qxc5 17.Bb2 Be5 18.Bxe5 Qxe5 19.Bf3 Qc7 20.Bxb7 Qxb7 21.Rd4 e5 22.Rd6 h6
23.Nf3 Qe7 24.Rdd1 Rad8 25.Qg3 Nh5 26.Qh4 Nf6 27.Qg3 Ne4 28.Qg4 Nc5 29.Qh4 Qxh4
30.Nxh4 g6 31.Nf3 Nd3 32.Kf1 e4 33.Ne1 Nb4 34.a3 Nc6 35.b4 Ne5 36.Rxd8 Rxd8
37.Rc1 Rc8 38.c5 bxc5 39.Rxc5 Rxc5 40.bxc5 Kf8 41.Ke2 Nc4 42.Nc2 Ke7 43.f3 f5
44.fxe4 fxe4 45.Nd4 a6 46.a4 Kd7 47.g4 Nb2 48.a5 Nc4 49.h3 Nxa5 50.Ke3 Nc6
51.Ne2 Ne7 52.Kxe4 Kc6 53.Kd4 Nd5 54.Kc4 Ne3+ 55.Kd4 Ng2 56.Kc4 Ne3+ 57.Kd4 Ng2
58.Kc4 Ne3+  1/2-1/2

[Event "JUG-chT"]
[Site "Cetinje"]
[Date "1992.??.??"]
[Round "?"]
[White "Maric, Alisa"]
[Black "Pihajlic, Amalija"]
[Result "1/2-1/2"]
[WhiteElo "2390"]
[BlackElo "2080"]

1.d4 d5 2.c4 e6 3.Nc3 c6 4.e3 Nf6 5.Nf3 Nbd7 6.Qc2 Bd6 7.Be2 h6 8.O-O O-O
9.e4 dxe4 10.Nxe4 Nxe4 11.Qxe4 Nf6 12.Qc2 Qc7 13.Bd2 Bd7 14.Bc3 Rad8 15.Rfe1 Bc8
16.Bd3 Rfe8 17.Rad1 Ng4 18.h3 Nf6 19.Qe2 Qe7 20.a3 c5 21.dxc5 Bxc5 22.b4 Bd6
23.Bb1 Bb8 24.Rxd8 Rxd8 25.Qc2 b6 26.Nd4 Qc7 27.Nf3 Qxc4 28.Qb2 Ne8 29.Rc1 Qf4
30.Bd2 Qf6 31.Bc3 Qf4 32.Bd2 Qf6 33.Bc3 Qf4  1/2-1/2

[Event "JUG-chT"]
[Site "Cetinje"]
[Date "1992.??.??"]
[Round "?"]
[White "Umanskaya, Irina"]
[Black "Micic, Snezana"]
[Result "1/2-1/2"]
[WhiteElo "2340"]
[BlackElo "2205"]

1.Nf3 d5 2.d4 Nf6 3.c4 c6 4.Nc3 e6 5.e3 Nbd7 6.Qc2 Bd6 7.Bd3 O-O 8.e4 dxc4
9.Bxc4 e5 10.Be3 exd4 11.Bxd4 Qe7 12.O-O Ne5 13.Nxe5  1/2-1/2

[Event "JUG-chT"]
[Site "Cetinje"]
[Date "1992.??.??"]
[Round "?"]
[White "Kostic, V Vladimir"]
[Black "Raicevic, Momcilo"]
[Result "1/2-1/2"]
[WhiteElo "2325"]
[BlackElo "2360"]

1.d4 d5 2.Nf3 c6 3.c4 e6 4.e3 Nf6 5.Nc3 Nbd7 6.Be2 Bd6 7.O-O O-O 8.Qc2 Qe7
9.e4 dxe4 10.Nxe4 Nxe4 11.Qxe4 e5 12.c5 exd4 13.Qc2 Nxc5 14.Nxd4 Qe4 15.Qxe4 Nxe4
16.Be3 Be5 17.Rad1 Nf6 18.Bc4 Ng4 19.h3 Nxe3 20.fxe3 Bf6 21.g4 h6 22.Rd2 Re8
23.Kf2 a6 24.b4 a5 25.b5 c5 26.Nf5 Bxf5 27.gxf5 Re5 28.Rd7 Rxf5+ 29.Ke2 Rxf1
30.Bxf7+ Kf8 31.Kxf1 b6 32.Rb7 Rd8 33.e4 Rd4 34.Bd5 c4 35.Rxb6 c3 36.Rc6 a4
37.b6 Rb4 38.b7 Be5 39.Ke2 Rb2+ 40.Kd3 Rd2+ 41.Ke3 Rb2 42.Rc4 g5 43.Kd3 a3
44.Rxc3 Bxc3 45.Kxc3 Rb6 46.Kd4 Ke7 47.Kc5 Rb2 48.Bb3 Rxb3 49.axb3 a2 50.b8=Q a1=Q
51.Qd6+ Kf7 52.Qd7+ Kf8 53.Qd6+ Kf7 54.Qd5+ Ke7 55.Qd6+ Kf7  1/2-1/2

[Event "Chalkidiki"]
[Site "Chalkidiki"]
[Date "1992.??.??"]
[Round "2"]
[White "Stohl, Igor"]
[Black "Khenkin, Igor"]
[Result "1/2-1/2"]
[WhiteElo "2560"]
[BlackElo "2570"]

1.d4 d5 2.c4 c6 3.Nc3 Nf6 4.e3 e6 5.Nf3 Nbd7 6.Bd3 dxc4 7.Bxc4 b5 8.Bd3 Bb7
9.e4 b4 10.Na4 c5 11.e5 Nd5 12.dxc5 Qa5 13.O-O Nc7 14.Bc2  1/2-1/2

[Event "Chalkidiki"]
[Site "Chalkidiki"]
[Date "1992.??.??"]
[Round "6"]
[White "Akopian, Vladimir"]
[Black "Illescas Cordoba, Miguel"]
[Result "1-0"]
[WhiteElo "2600"]
[BlackElo "2600"]

1.d4 d5 2.Nf3 Nf6 3.c4 c6 4.Nc3 e6 5.e3 Nbd7 6.Qc2 Bd6 7.Be2 O-O 8.O-O e5
9.cxd5 cxd5 10.dxe5 Nxe5 11.Rd1 Nxf3+ 12.Bxf3 Qc7 13.h3 Bh2+ 14.Kh1 Be5 15.Bd2 Be6
16.Be1 Rfd8 17.Qd3 Qe7 18.Qe2 a6 19.Rac1 Rac8 20.Nxd5 Nxd5 21.Rxc8 Rxc8 22.Bxd5 Bxd5
23.Rxd5 Bf6 24.f3 Rc1 25.Kh2 g6 26.Bg3 Ra1 27.e4 Rxa2 28.e5 Bg7 29.f4 h5
30.Rd6 h4 31.Be1 Ra4 32.b4 Ra1 33.Bf2 Rc1 34.Bc5 Qc7 35.Qg4 Bf8 36.Qxh4 Be7
37.Rxg6+ fxg6 38.Bxe7 Rc2 39.Qf6 Rxg2+ 40.Kxg2 Qc2+ 41.Kg3  1-0

[Event "Chicago opI"]
[Site "Chicago"]
[Date "1992.??.??"]
[Round "2"]
[White "Chow, Richard"]
[Black "Soltis, Marcy"]
[Result "1-0"]
[WhiteElo "2320"]
[BlackElo "2420"]

1.d4 d5 2.c4 e6 3.Nc3 Nf6 4.Nf3 c6 5.e3 Bd6 6.Bd3 Nbd7 7.O-O O-O 8.e4 dxc4
9.Bxc4 e5 10.Bg5 Re8 11.Be2 Qe7 12.dxe5 Nxe5 13.Nd4 h6 14.Bd2 Ng6 15.Nf5 Bxf5
16.exf5 Qe5 17.g3 Qxf5 18.Bxh6 Rad8 19.Bd2 Ne5 20.Kg2 Bc5 21.f3 Re7 22.Rc1 Red7
23.Rc2 Nd3 24.a3 a5 25.Nb1 Bb6 26.Bxd3 Rxd3 27.Rc3 Nd5 28.Rxd3 Qxd3 29.Qe1 Ne3+
30.Bxe3 Bxe3 31.h4 Kf8 32.Nc3 Qd2+ 33.Kh3 Qd7+ 34.g4 Bf4 35.Rf2 Re8 36.Re2 Rxe2
37.Nxe2 Qd2 38.Qxd2 Bxd2 39.b3 Ke7 40.f4 g6 41.h5 gxh5 42.gxh5 Kf6 43.Kg4 Kg7
44.Kg5 f6+ 45.Kf5 Be1 46.Nd4 Bc3 47.Ne6+ Kh6 48.Nd8 b6 49.Nxc6 Kxh5 50.Ne7 Bb2
51.a4 Bd4 52.Nd5 Kh6 53.Nxf6 Kg7 54.Nd5 Kf7 55.Ke4  1-0

[Event "CSR-chT"]
[Site "CSR"]
[Date "1992.??.??"]
[Round "?"]
[White "Ruckschloss, Karol"]
[Black "Borik, Otto"]
[Result "0-1"]
[WhiteElo "2295"]
[BlackElo "2380"]

1.c4 c6 2.d4 d5 3.Nc3 Nf6 4.Nf3 e6 5.e3 Nbd7 6.Be2 Bd6 7.O-O O-O 8.b3 Qe7
9.Bb2 a6 10.Re1 Re8 11.Qc2 dxc4 12.Bxc4 b5 13.Bd3 Bb7 14.Ng5 Bxh2+ 15.Kxh2 Ng4+
16.Kg3 f5 17.f4 Ndf6 18.e4 Nh5+ 19.Kf3 c5 20.d5 c4 21.Rh1 cxd3 22.Qxd3 Nxf4
23.Kxf4 Qd6+ 24.e5 Nxe5 25.Qh3 Nf7+ 26.Ke3 Nxg5 27.Qh4 h6 28.Qd4 Qg3+  0-1

[Event "Czestochowa op"]
[Site "Czestochowa"]
[Date "1992.??.??"]
[Round "5"]
[White "Kharlamov, Vladimir P"]
[Black "Bashkov, Viacheslav"]
[Result "0-1"]
[WhiteElo "2345"]
[BlackElo "2470"]

1.c4 e6 2.Nc3 d5 3.d4 c6 4.e3 Nf6 5.Nf3 Nbd7 6.Qc2 Bd6 7.Be2 O-O 8.O-O Qe7
9.e4 dxe4 10.Nxe4 Nxe4 11.Qxe4 e5 12.Bg5 Qe6 13.c5 Bc7 14.Rfe1 h6 15.Bd3 f5
16.Qe2 Kh8 17.Bc4 Qe8 18.Bf4 Ba5 19.Nd2 Qd8 20.dxe5 Nxc5 21.e6 Bxe6 22.Bxe6 Nd3
23.Be3 f4 24.Bd4 Nxe1 25.Nb3 Qg5 26.f3 Rfe8 27.Rxe1 Bxe1 28.Qxe1 Qg6 29.Nc5 b6  0-1

[Event "Czestochowa op"]
[Site "Czestochowa"]
[Date "1992.??.??"]
[Round "7"]
[White "Nedilko, Vasily"]
[Black "Sopur, Lech"]
[Result "1-0"]
[WhiteElo "2285"]
[BlackElo "2355"]

1.d4 d5 2.c4 e6 3.Nc3 c6 4.e3 Nf6 5.Nf3 Nbd7 6.Qc2 Bd6 7.Be2 O-O 8.O-O dxc4
9.Bxc4 b5 10.Be2 Bb7 11.Rd1 Qb8 12.h3 Re8 13.Bd2 a6 14.a4 b4 15.Ne4 Nxe4
16.Qxe4 c5 17.Qg4 Nf6 18.Qh4 Bd5 19.dxc5 Bxc5 20.Bc4 Bxf3 21.gxf3 Rd8 22.Be1 Qe5
23.b3 g5 24.f4 gxf4 25.exf4 Qf5 26.Qg5+ Qxg5+ 27.fxg5 Ne4 28.Rxd8+ Rxd8 29.Bxa6 Nxg5
30.Kg2 Ne4 31.Rc1 Rd5 32.Bb7 Rg5+ 33.Kf1 Nd6 34.Bc6 Rf5 35.a5 Ba7 36.a6 Kg7
37.Rd1 Nb5 38.Rd7 Be3  1-0

[Event "Czestochowa op"]
[Site "Czestochowa"]
[Date "1992.??.??"]
[Round "8"]
[White "Neverov, Valeriy"]
[Black "Bashkov, Viacheslav"]
[Result "1/2-1/2"]
[WhiteElo "2490"]
[BlackElo "2470"]

1.d4 d5 2.c4 e6 3.Nf3 Nf6 4.Nc3 c6 5.e3 Nbd7 6.b3 Bb4 7.Bd2 O-O 8.Be2 Qe7
9.O-O b6 10.Qc2 Bb7 11.Rfd1 Rac8 12.a3 Bd6 13.e4 dxe4 14.Nxe4 Nxe4 15.Qxe4 Nf6
16.Qh4 c5 17.dxc5 bxc5 18.Bg5 Rfd8 19.Ra2 Bc7 20.Rad2 a5 21.Rxd8+  1/2-1/2

[Event "Czestochowa op"]
[Site "Czestochowa"]
[Date "1992.??.??"]
[Round "9"]
[White "Agrest, Evgenij"]
[Black "Neverov, Valeriy"]
[Result "1/2-1/2"]
[WhiteElo "2470"]
[BlackElo "2490"]

1.d4 d5 2.c4 e6 3.Nc3 c6 4.e3 Nf6 5.Nf3 Nbd7 6.Be2 dxc4 7.a4 c5 8.Bxc4 cxd4
9.exd4 Nb6 10.Bb5+ Bd7 11.Bxd7+ Nbxd7 12.a5 Bb4 13.Qa4 Bxc3+ 14.bxc3 O-O
15.O-O Qc7 16.c4 Rfc8 17.c5 e5 18.dxe5 Nxe5 19.Nxe5 Qxe5 20.Be3 Nd5 21.Qd4 Qxd4
22.Bxd4 Nb4 23.Rfc1 a6 24.Be3 Nc6 25.Rcb1 Rc7 26.Kf1 Rd7 27.Bf4 f6 28.Rb6 Re8
29.f3 Rc8 30.Bd6 Kf7 31.Kf2 Nd4 32.Rab1 Nb5 33.Ke3 Rc6 34.R1xb5 axb5 35.Rxb5 Ra6
36.Kd4 Ke6 37.Kc4 h5 38.h4 g5 39.hxg5 fxg5 40.Kd4 Rf7 41.Ke4 h4 42.Be5 Rf5
43.Bd4 Rf4+ 44.Ke3 Rf7 45.c6 bxc6 46.Rxg5 Rf5 47.Rg6+ Kf7 48.Rg7+ Kf8 49.Rh7 Rfxa5
50.Rxh4 Rd5 51.Rh8+ Kf7 52.Rh7+ Kg6 53.Rg7+ Kf5 54.g4+ Ke6 55.Rg6+ Kf7 56.Rf6+ Ke7
57.Rf4 c5 58.Bg7 Re6+ 59.Kf2 Kd6 60.Bf6 Rd2+ 61.Kg3 Ree2 62.g5 Ke6 63.Kg4 Rg2+
64.Kh5 Rdf2 65.Re4+ Kd5 66.Re5+ Kd6 67.Rf5 c4 68.Kg6 Rf1 69.Kf7 Rgf2 70.f4 Kc6
71.Be5 c3 72.Rf6+ Kb5 73.Bxc3 Rxf4  1/2-1/2

[Event "USA-op"]
[Site "Dearborn"]
[Date "1992.??.??"]
[Round "5"]
[White "Strauss, David J"]
[Black "Feldman, Steven"]
[Result "1-0"]
[WhiteElo "2395"]
[BlackElo "2300"]

1.Nf3 d5 2.d4 Nf6 3.c4 c6 4.Nc3 e6 5.e3 Nbd7 6.Bd3 Bd6 7.e4 dxe4 8.Nxe4 Nxe4
9.Bxe4 Nf6 10.Bc2 Qc7 11.c5 Bf4 12.O-O O-O 13.Re1 Rd8 14.Bxf4 Qxf4 15.Re5 Bd7
16.Qd3 Be8 17.Rae1 g6 18.Bb3 Nd5 19.g3 Qf6 20.Nd2 b6 21.Ne4 Qe7 22.Qf3 Kg7
23.Nd6 Qf6 24.Qg4 bxc5 25.Ne4 Qe7 26.Nxc5 Bd7 27.h4 Rab8 28.Qe2 Bc8 29.Qd2 Nc7
30.Qf4 Rb4 31.R5e4 Qd6 32.Qe5+ Qxe5 33.dxe5 Rb5 34.Na4 c5 35.Rc4 Na6 36.Rec1 Rb4
37.Nxc5 Nxc5 38.Rxb4 Nxb3 39.Rxb3 Ba6 40.Ra3 Be2 41.Rxa7 Bf3 42.Ra3 Bd5 43.Rd3 Rb8
44.b3 Rb5 45.a4  1-0

[Event "EU-chT (Men)"]
[Site "Debrecen"]
[Date "1992.??.??"]
[Round "1"]
[White "Cvitan, Ognjen"]
[Black "Bryson, Douglas M"]
[Result "1-0"]
[WhiteElo "2505"]
[BlackElo "2335"]

1.Nf3 d5 2.c4 e6 3.d4 Nf6 4.Nc3 c6 5.e3 Nbd7 6.Bd3 dxc4 7.Bxc4 b5 8.Bd3 Bb7
9.e4 b4 10.Na4 c5 11.e5 Nd5 12.dxc5 Qa5 13.O-O Bxc5 14.a3 Be7 15.Bd2 O-O
16.Re1 Qd8 17.h4 Bxh4 18.axb4 Be7 19.Nc5 Nxc5 20.bxc5 Qd7 21.Ng5 Bxg5 22.Bxg5 Bc6
23.Qg4 g6 24.Ra3 Rfb8 25.Qh4 Qe8 26.Be4 Rb4 27.Rh3 h5 28.Qg3 Qf8 29.Rxh5 Qg7
30.Rh4 Rxe4 31.Rhxe4 Rb8 32.Bf6  1-0